[Event "Titled Tuesday intern op 20th Sep Early"]
[Site "Chess.com INT"]
[Date "2022.09.20"]
[Round "11"]
[White "Acosta Villarroel, Lorner Justus"]
[Black "Dilmukhametov, Artur"]
[Result "1-0"]
[WhiteElo "2168"]
[BlackElo "2276"]
[PlyCount "67"]
[EventDate "2022.09.20"]
[EventType "swiss (blitz)"]
[EventRounds "11"]
[EventCountry "USA"]
[SourceTitle "EXT 2023"]
[Source "ChessBase"]
[SourceDate "2022.10.05"]
[SourceVersion "1"]
[SourceVersionDate "2022.10.05"]
[SourceQuality "1"]

1. d4 Nf6 2. c4 g6 3. Nc3 Bg7 4. e4 d6 5. Nf3 0-0 6. Be2 Nbd7 7. 0-0 e5 8. d5 Ne8 9. Nd2 f5 10. f3 f4 11. b4 g5 12. Ba3 Kh8 13. c5 Rg8 14. Rc1 Bf8 15. Nc4 dxc5 16. bxc5 Bxc5+ 17. Bxc5 Nxc5 18. Nxe5 Qe7 19. Qd4 Nf6 20. Nb5 b6 21. Nc6 Qf8 22. Nxc7 g4 23. Nxa8 gxf3 24. Bxf3 Bg4 25. e5 Qg7 26. exf6 Qf7 27. Ne5 Qxf6 28. Nc7 h5 29. Bxg4 hxg4 30. Rxf4 Qg6 31. Nxg6+ Kh7 32. Rf7+ Kxg6 33. Qf6+ Kh5 34. Rh7# 1-0

[Event "Titled Tuesday intern op 20th Sep Early"]
[Site "Chess.com INT"]
[Date "2022.09.20"]
[Round "10"]
[White "Acosta Villarroel, Lorner Justus"]
[Black "Svicevic, Rastko"]
[Result "0-1"]
[WhiteElo "2168"]
[BlackElo "2175"]
[PlyCount "58"]
[EventDate "2022.09.20"]
[EventType "swiss (blitz)"]
[EventRounds "11"]
[EventCountry "USA"]
[SourceTitle "EXT 2023"]
[Source "ChessBase"]
[SourceDate "2022.10.05"]
[SourceVersion "1"]
[SourceVersionDate "2022.10.05"]
[SourceQuality "1"]

1. d4 Nf6 2. c4 e6 3. Nc3 Bb4 4. e3 b6 5. Bd3 Bb7 6. Nf3 0-0 7. 0-0 d5 8. cxd5 Nxd5 9. Qc2 c5 10. Bxh7+ Kh8 11. Bd3 cxd4 12. exd4 Nc6 13. Bg5 Nxd4 14. Bxd8 Nxc2 15. Bxc2 Raxd8 16. Nxd5 Bxd5 17. Rfd1 Bxf3 18. gxf3 Rc8 19. Bb3 Rc5 20. Rd7 Rg5+ 21. Kf1 a5 22. Rc1 g6 23. Rcc7 Rf5 24. Bxe6 Rxf3 25. Bxf7 Bc5 26. Bc4 Rxf2+ 27. Ke1 Rxh2 28. Rg7 Re8+ 29. Kd1 Bb4 0-1

[Event "Titled Tuesday intern op 1st Oct"]
[Site "Chess.com INT"]
[Date "2019.10.01"]
[Round "3"]
[White "Acosta Villarroel, Lorner Justus"]
[Black "Akhvlediani, Irakli"]
[Result "1/2-1/2"]
[WhiteElo "2175"]
[BlackElo "2299"]
[PlyCount "349"]
[EventDate "2019.10.01"]
[EventType "swiss (blitz)"]
[EventRounds "10"]
[EventCountry "USA"]
[SourceTitle "EXT 2021"]
[Source "ChessBase"]
[SourceDate "2020.10.23"]
[SourceVersion "1"]
[SourceVersionDate "2020.10.23"]
[SourceQuality "1"]

1. Nf3 Nf6 2. d4 g6 3. c3 Bg7 4. Bf4 0-0 5. Nbd2 d6 6. e4 Nfd7 7. Bd3 e5 8. Be3 Nc6 9. 0-0 h6 10. Re1 f5 11. dxe5 Ndxe5 12. Bf1 f4 13. Bd4 g5 14. Nc4 Qe7 15. Bxe5 dxe5 16. Qa4 g4 17. Nfd2 h5 18. Na5 g3 19. fxg3 Qc5+ 20. Kh1 Qxa5 21. Qc4+ Kh8 22. Nf3 Qb6 23. b4 Ne7 24. gxf4 Rxf4 25. Be2 Be6 26. Qd3 Raf8 27. a4 Bg4 28. h3 Bxf3 29. Bxf3 Qh6 30. Rf1 Ng6 31. g3 R4f7 32. h4 Ne7 33. Rad1 Qg6 34. Kh2 Bh6 35. Qe2 Qg7 36. Bxh5 Rxf1 37. Rxf1 Rxf1 38. Qxf1 Nc6 39. Qe2 Qf6 40. Bg4 Ne7 41. Kg2 Qc6 42. a5 Qxc3 43. Be6 Qd2 44. Kf3 Qxe2+ 45. Kxe2 b6 46. axb6 axb6 47. Kd3 Kg7 48. Kc4 Kf6 49. Bd7 Be3 50. g4 Bf2 51. g5+ Kg7 52. h5 Be3 53. g6 Kh6 54. Bg4 Kg5 55. Be2 Kf6 56. Kb5 Bd2 57. Kc4 Kg7 58. Bg4 Kh6 59. Be2 Be3 60. Bg4 c6 61. b5 cxb5+ 62. Kxb5 Ng8 63. Kc6 Nf6 64. Bf3 Bd4 65. Kd6 Ne8+ 66. Kc6 Ng7 67. Kd5 b5 68. Be2 b4 69. Bd1 Bc3 70. Kc5 Kg5 71. Kd5 Kh6 72. Kc5 Ne8 73. Kc4 Nf6 74. Bf3 Kg7 75. Kb3 Nd7 76. Kc4 Nf8 77. Kb3 Ne6 78. Kc4 Nd4 79. Bd1 Ne6 80. Kd5 Nf4+ 81. Kc4 Kh6 82. Kb3 Be1 83. Kc4 Bh4 84. Kxb4 Bf6 85. Kc4 Nxh5 86. Kd5 Kxg6 87. Ba4 Nf4+ 88. Kc4 Kg5 89. Bd7 Kh4 90. Kc3 Kg3 91. Kc4 Kf3 92. Bf5 Be7 93. Bh7 Ke3 94. Bf5 Ba3 95. Bh7 Bb2 96. Bf5 Bd4 97. Bh7 Ne2 98. Kd5 Nc3+ 99. Kc4 Nxe4 100. Kb3 Nf6 101. Bf5 Kf4 102. Bg6 Ne4 103. Kc4 Nd6+ 104. Kd3 Nf5 105. Be8 e4+ 106. Kc2 Ne3+ 107. Kd2 Nc4+ 108. Ke2 Ne5 109. Bb5 Bc5 110. Ba6 e3 111. Bb5 Ke4 112. Ba6 Kd4 113. Bc8 Ng6 114. Bg4 Nf4+ 115. Kd1 Bb4 116. Kc2 Ke4 117. Kb3 Bd2 118. Kc2 Nd3 119. Be2 Ne5 120. Kd1 Kf4 121. Kc2 Kg3 122. Kd1 Kf2 123. Bb5 Nf3 124. Ba6 Nd4 125. Bd3 Ba5 126. Bc4 e2+ 127. Bxe2 Nxe2 128. Kc2 Ke3 129. Kb3 Kd4 130. Ka4 Bd2 131. Kb5 Kd5 132. Kb6 Kd6 133. Kb5 Kd5 134. Kb6 Nd4 135. Kc7 Bf4+ 136. Kb6 Kc4 137. Kb7 Kc5 138. Ka6 Kc6 139. Ka5 Bd2+ 140. Ka6 Be3 141. Ka5 Nb5 142. Kb4 Nd6 143. Kc3 Kd5 144. Kd3 Bd4 145. Ke2 Ke4 146. Kf1 Kf3 147. Ke1 Nc4 148. Kd1 Ke3 149. Kc2 Na5 150. Kd1 Nc4 151. Kc2 Ne5 152. Kb3 Kd3 153. Kb4 Be3 154. Kb5 Kd4 155. Kb6 Kd5+ 156. Kc7 Kc5 157. Kb7 Nc6 158. Kc7 Bf4+ 159. Kd7 Kd5 160. Kc8 Na5 161. Kd7 Bd6 162. Kc8 Ke6 163. Kd8 Be5 164. Kc8 Bd6 165. Kd8 Kd5 166. Kd7 Nc6 167. Kc8 Ne5 168. Kb7 Kc5 169. Ka6 Kc6 170. Ka5 Nc4+ 171. Ka6 Nb6 172. Ka5 Kc5 173. Ka6 Bb8 174. Kb7 Nc8 175. Kxc8 1/2-1/2

[Event "Titled Tuesday intern op 1st Oct"]
[Site "Chess.com INT"]
[Date "2019.10.01"]
[Round "4"]
[White "Hansen, Eric"]
[Black "Acosta Villarroel, Lorner Justus"]
[Result "1/2-1/2"]
[WhiteElo "2611"]
[BlackElo "2175"]
[PlyCount "122"]
[EventDate "2019.10.01"]
[EventType "swiss (blitz)"]
[EventRounds "10"]
[EventCountry "USA"]
[SourceTitle "EXT 2021"]
[Source "ChessBase"]
[SourceDate "2020.10.23"]
[SourceVersion "1"]
[SourceVersionDate "2020.10.23"]
[SourceQuality "1"]

1. e4 c5 2. Nf3 Nc6 3. Bb5 e6 4. 0-0 Nge7 5. Re1 a6 6. Bf1 d5 7. d3 Ng6 8. Nbd2 Be7 9. exd5 Qxd5 10. g3 b5 11. Bg2 Bb7 12. h4 h6 13. a4 0-0 14. Ne4 bxa4 15. Nc3 Qd8 16. Rxa4 Re8 17. h5 Nf8 18. Rg4 Kh8 19. Nh4 Nd7 20. Bf4 Nf6 21. Ng6+ fxg6 22. Rxg6 Bf8 23. Ne4 Nd5 24. Bd2 Qd7 25. Bh3 Qf7 26. c4 Ndb4 27. Bc3 Nd4 28. Bxd4 cxd4 29. Qd2 Qf3 30. Bg2 Qxd3 31. Qf4 e5 32. Qg4 Bc8 33. Qh4 Ra7 34. c5 Qc4 35. Bh3 Qf7 36. Bxc8 Rxc8 37. Qg4 Re8 38. c6 Nd5 39. Rc1 Rc7 40. Kg2 Nf6 41. Nxf6 gxf6 42. Qf5 Re6 43. Qf3 Bg7 44. Rc5 Qe8 45. Qg4 Rexc6 46. Rd5 Re6 47. Kh2 Rd7 48. Rxd7 Qxd7 49. Rxg7 Qxg7 50. Qxe6 a5 51. b3 Kh7 52. Qf5+ Kg8 53. Qe6+ Qf7 54. Qg4+ Kf8 55. Qc8+ Kg7 56. Qg4+ Kh8 57. Qc8+ Kh7 58. Qf5+ Kg8 59. Qg4+ Kf8 60. Qc8+ Kg7 61. Qg4+ Kf8 1/2-1/2

[Event "Titled Tuesday intern op 5th June"]
[Site "Chess.com INT"]
[Date "2018.06.05"]
[Round "10"]
[White "Toolin, Christopher"]
[Black "Acosta Villarroel, Lorner Justus"]
[Result "0-1"]
[WhiteElo "2170"]
[BlackElo "2165"]
[PlyCount "108"]
[EventDate "2018.06.05"]
[EventType "swiss (blitz)"]
[EventRounds "10"]
[EventCountry "USA"]
[SourceTitle "EXT 2021"]
[Source "ChessBase"]
[SourceDate "2020.10.23"]
[SourceVersion "1"]
[SourceVersionDate "2020.10.23"]
[SourceQuality "1"]

1. d4 e6 2. c4 d5 3. Nf3 Nf6 4. Nc3 Be7 5. Bf4 0-0 6. e3 c5 7. dxc5 Bxc5 8. Qc2 Nc6 9. 0-0-0 Qa5 10. g4 Nb4 11. Qb3 dxc4 12. Bxc4 Nxg4 13. a3 Nxf2 14. axb4 Bxb4 15. Rhg1 Nxd1 16. Be5 f6 17. Bxe6+ Bxe6 18. Qxe6+ Kh8 19. Qd7 Qa1+ 20. Nb1 Rac8+ 21. Bc3 Qxb2+ 22. Kxd1 Qxb1+ 23. Ke2 Qa2+ 24. Nd2 Qf7 25. Qxf7 Rxf7 26. Bxb4 b6 27. Nf3 Rd7 28. Nd4 a5 29. Bd2 h6 30. h4 Rc5 31. Kf3 Re5 32. Bc3 Kh7 33. Ba1 Rh5 34. Rg4 b5 35. e4 Rc5 36. Ne6 Rc8 37. h5 b4 38. e5 f5 39. Rg1 a4 40. Kf4 b3 41. Kxf5 a3 42. Bd4 b2 43. Bxb2 axb2 44. Rb1 Rb7 45. Nf4 Rc1 46. Rxb2 Rxb2 47. e6 Rf1 48. e7 Re2 49. Kg4 Rxf4+ 50. Kxf4 Rxe7 51. Kf5 Rf7+ 52. Kg4 Rf6 53. Kh4 Kg8 54. Kg4 Kf7 0-1

[Event "Titled Tuesday intern op 6th Dec 2pm"]
[Site "Chess.com INT"]
[Date "2016.12.06"]
[Round "1"]
[White "Acosta Villarroel, Lorner Justus"]
[Black "Pichot, Alan"]
[Result "1/2-1/2"]
[WhiteElo "2228"]
[BlackElo "2544"]
[PlyCount "84"]
[EventDate "2016.12.06"]
[EventType "swiss (blitz)"]
[EventRounds "9"]
[EventCountry "USA"]
[SourceTitle "EXT 2021"]
[Source "ChessBase"]
[SourceDate "2020.10.23"]
[SourceVersion "1"]
[SourceVersionDate "2020.10.23"]
[SourceQuality "1"]

1. Nf3 Nf6 2. d4 e6 3. e3 b6 4. Bd3 Bb7 5. 0-0 Be7 6. Nbd2 d5 7. b3 Nbd7 8. Bb2 0-0 9. Qe2 c5 10. Rfd1 Qc7 11. c4 dxc4 12. Nxc4 Rad8 13. Rac1 Qb8 14. Bb1 Qa8 15. dxc5 Nxc5 16. h3 Bd5 17. Nce5 Be4 18. Bxe4 Qxe4 19. Rxd8 Rxd8 20. Qc2 Qxc2 21. Rxc2 Rd1+ 22. Kh2 Bd6 23. g3 a5 24. Nc4 Bc7 25. Bxf6 gxf6 26. Nxa5 f5 27. Kg2 Kg7 28. Nc4 Kf6 29. Nb2 Ra1 30. b4 Na6 31. Nd3 Bd6 32. b5 Nc5 33. Nxc5 Bxc5 34. Rb2 Ba3 35. Rc2 Rb1 36. Rc3 Bc5 37. Rb3 Ra1 38. Rb2 Ba3 39. Rc2 Rb1 40. Rc3 Bc5 41. Rb3 Ra1 42. Rb2 Ba3 1/2-1/2

[Event "Titled Tuesday intern op 6th Dec 2pm"]
[Site "Chess.com INT"]
[Date "2016.12.06"]
[Round "4"]
[White "Le, Tuan Minh"]
[Black "Acosta Villarroel, Lorner Justus"]
[Result "1-0"]
[WhiteElo "2475"]
[BlackElo "2228"]
[PlyCount "65"]
[EventDate "2016.12.06"]
[EventType "swiss (blitz)"]
[EventRounds "9"]
[EventCountry "USA"]
[SourceTitle "EXT 2021"]
[Source "ChessBase"]
[SourceDate "2020.10.23"]
[SourceVersion "1"]
[SourceVersionDate "2020.10.23"]
[SourceQuality "1"]

1. d4 d5 2. c4 e6 3. Nc3 Nf6 4. Nf3 Be7 5. Bf4 0-0 6. e3 Nbd7 7. c5 c6 8. Bd3 Nh5 9. 0-0 Nxf4 10. exf4 b6 11. b4 a5 12. a3 Qc7 13. g3 Ba6 14. Bxa6 Rxa6 15. Qe2 Ra7 16. f5 e5 17. cxb6 Qxb6 18. dxe5 axb4 19. axb4 Rxa1 20. Rxa1 Qxb4 21. Ra7 Nxe5 22. Nxe5 Bc5 23. Nxc6 Qxc3 24. Ne7+ Bxe7 25. Qxe7 h6 26. Rd7 d4 27. f6 Qc1+ 28. Kg2 Qc6+ 29. Kh3 gxf6 30. Rxd4 Qe6+ 31. Rg4+ Kh7 32. Qxf8 h5 33. Qg7# 1-0

[Event "Porlamar Virgen del Valle"]
[Site "Porlamar"]
[Date "2016.09.23"]
[Round "5.3"]
[White "Acosta Villarroel, Lorner Justus"]
[Black "Guerrero Vargas, Andres Jesus"]
[Result "0-1"]
[WhiteElo "2224"]
[BlackElo "2313"]
[PlyCount "62"]
[EventDate "2016.09.21"]
[EventType "tourn"]
[EventRounds "9"]
[EventCountry "VEN"]
[SourceTitle "EXT 2018"]
[Source "ChessBase"]
[SourceDate "2017.10.13"]
[SourceVersion "1"]
[SourceVersionDate "2017.10.13"]
[SourceQuality "1"]

1. d4 Nf6 2. Nf3 d5 3. c4 c6 4. Nc3 e6 5. Bg5 dxc4 6. e4 b5 7. Be2 h6 8. Bxf6 Qxf6 9. 0-0 Bb7 10. e5 Qd8 11. Qc2 Be7 12. b3 b4 13. Ne4 c3 14. a3 a5 15. axb4 axb4 16. Nc5 Rxa1 17. Rxa1 Qb6 18. Nxe6 fxe6 19. Qg6+ Kd8 20. Qxe6 Nd7 21. Qf7 c5 22. dxc5 Qxc5 23. Qxg7 Rf8 24. e6 Nf6 25. Qg3 Kc8 26. Qe5 Ng4 27. Qxc5+ Bxc5 28. e7 Bxe7 29. Bc4 Bxf3 30. gxf3 Ne5 31. Be6+ Kb8 0-1

[Event "Porlamar Virgen del Valle"]
[Site "Porlamar"]
[Date "2016.09.22"]
[Round "3.4"]
[White "Acosta Villarroel, Lorner Justus"]
[Black "Quesada Vera, Liordis"]
[Result "0-1"]
[WhiteElo "2224"]
[BlackElo "2445"]
[PlyCount "80"]
[EventDate "2016.09.21"]
[EventType "tourn"]
[EventRounds "9"]
[EventCountry "VEN"]
[SourceTitle "EXT 2018"]
[Source "ChessBase"]
[SourceDate "2017.10.13"]
[SourceVersion "1"]
[SourceVersionDate "2017.10.13"]
[SourceQuality "1"]

1. d4 Nf6 2. Nf3 g6 3. g3 b6 4. Bg2 Bb7 5. 0-0 c5 6. c4 cxd4 7. b3 Bg7 8. Bb2 0-0 9. Na3 d6 10. Bxd4 Nbd7 11. Bb2 a6 12. Re1 Ra7 13. Nd4 Bxg2 14. Kxg2 Qa8+ 15. Kg1 Rc8 16. Nf3 Nc5 17. Rb1 Rd7 18. Bxf6 Bxf6 19. Qc2 Ne4 20. Rbd1 b5 21. h4 Rdc7 22. Qd3 Bb2 23. Nb1 bxc4 24. bxc4 Rxc4 25. Nbd2 Nxd2 26. Nxd2 Rc3 27. Qb1 Rc2 28. Nf3 Bf6 29. a4 Rb2 30. Qd3 Rc3 31. Qd5 Qxd5 32. Rxd5 Rc4 33. e4 Rxa4 34. e5 dxe5 35. Nxe5 Bxe5 36. Rd8+ Kg7 37. Rxe5 Raa2 38. Rxe7 Rxf2 39. Rdd7 h5 40. Ra7 Rf3 0-1

[Event "Porlamar Hernandez Leon Memorial"]
[Site "Porlamar"]
[Date "2015.12.14"]
[Round "9"]
[White "Acosta Villarroel, Lorner Justus"]
[Black "Gascon del Nogal, Jose Rafael"]
[Result "0-1"]
[WhiteElo "2235"]
[BlackElo "2397"]
[PlyCount "92"]
[EventDate "2015.12.10"]
[EventType "tourn"]
[EventRounds "10"]
[EventCountry "VEN"]
[EventCategory "1"]
[SourceTitle "CBM 170 Extra"]
[Source "ChessBase"]
[SourceDate "2016.02.25"]
[SourceVersion "1"]
[SourceVersionDate "2016.02.25"]
[SourceQuality "1"]

1. d4 Nf6 2. Nf3 g6 3. c4 Bg7 4. Nc3 0-0 5. Bf4 d6 6. e3 Nc6 7. Be2 Nd7 8. h3 e5 9. Bg3 h6 10. dxe5 dxe5 11. Nd5 f5 12. Qc2 a5 13. 0-0 Ne7 14. Rfd1 c6 15. Nc3 Qc7 16. Na4 f4 17. exf4 exf4 18. Bh2 Ne5 19. Nxe5 Qxe5 20. Nb6 Bf5 21. Bd3 Rad8 22. Bxf5 Nxf5 23. Nd7 Nd4 24. Rxd4 Qxd4 25. Nxf8 Kxf8 26. Re1 g5 27. Qf5+ Kg8 28. h4 Qe5 29. Qxe5 Bxe5 30. hxg5 hxg5 31. g3 f3 32. g4 Bxb2 33. Bg3 a4 34. Re3 b5 35. cxb5 cxb5 36. Be5 a3 37. Kh2 Re8 38. Bd6 Rxe3 39. fxe3 Kf7 40. Kg3 Ke6 41. Bf8 Be5+ 42. Kxf3 Bd6 43. Bg7 b4 44. Ke4 b3 45. axb3 a2 46. Bb2 Ba3 0-1